Call centres create 35,000 jobs (Record no. 62555)

MARC details
000 -LEADER
fixed length control field 01050cam a2200217 4500
001 - CONTROL NUMBER
control field WB3608-05
008 - FIXED-LENGTH DATA ELEMENTS--GENERAL INFORMATION
fixed length control field 000000n2000 000 0 eng u
035 ## - SYSTEM CONTROL NUMBER
System control number (Sirsi) u104268
245 ## - TITLE STATEMENT
Title Call centres create 35,000 jobs
260 ## - PUBLICATION, DISTRIBUTION, ETC.
Date of publication, distribution, etc. 2000
490 ## - SERIES STATEMENT
Series statement Scotsman
Volume/sequential designation 21 February 2000, 19(1)
520 ## - SUMMARY, ETC.
Summary, etc. Research by Deloitte and Touche reveals that 88 call centres were opened in 1999, up from 58 in 1998. More than 35,000 jobs were created in the UK and Ireland. Ireland was the most popular location securing 18% of new centres, followed by Scotland with 15%. Though Scotland topped the league table with 18% of jobs going north. Growth patterns look set to continue, with moblie phone network operators creating the most call centres, followed by the financial services industry.
590 ## - LOCAL NOTE (RLIN)
Local note WB
650 ## - SUBJECT ADDED ENTRY--TOPICAL TERM
Topical term or geographic name entry element CALL CENTRES
650 ## - SUBJECT ADDED ENTRY--TOPICAL TERM
Topical term or geographic name entry element GROWTH
650 ## - SUBJECT ADDED ENTRY--TOPICAL TERM
Topical term or geographic name entry element DELOITTE AND TOUCHE
650 ## - SUBJECT ADDED ENTRY--TOPICAL TERM
Topical term or geographic name entry element JOBS CREATION
650 ## - SUBJECT ADDED ENTRY--TOPICAL TERM
Topical term or geographic name entry element LEAGUE TABLE
690 ## - LOCAL SUBJECT ADDED ENTRY--TOPICAL TERM (OCLC, RLIN)
Topical term or geographic name as entry element PROPERTY-COMMERCIAL PROPERTY-COMMERCIAL PROPERTY FINANCE AND INVESTMENT
942 ## - ADDED ENTRY ELEMENTS (KOHA)
Suppress in OPAC 0
Holdings
Withdrawn status Lost status Source of classification or shelving scheme Damaged status Not for loan Home library Current library Shelving location Date acquired Total Checkouts Full call number Barcode Date last seen Copy number Price effective from Koha item type
    Dewey Decimal Classification     London London News article 22/02/2000   WB3608-05 104268-1001 06/08/2019 1 06/08/2019 Journal article